LDR 00511naa#a2200157#i#450# 001 EN\\bibl\126694 005 20260703013212.5 011 ## _a2542-1840 100 ## _a20260630b2026####ek#y0engy0150####ca 102 ## _aRU 200 1# _aFactors Influencing the Understanding of Complex Logical and Grammatical Constructions by Bilinguals _eJournal article 210 1# _aKemerovo _cKemerovo State University _d2026 215 ## _a9 с. 608 ## _aJournal article _2local 700 #1 _aLitskevich _gEvgeny Yu. 856 4# _avestnik-pses.kemsu.ru _u